Normal view
MARC view
- Bautista Ventura, Renato
Entry Nombre Personal
001 - NUMERO DE CONTROL
- campo de control: 54136
003 - IDENTIFICADOR DE NUMERO DE CONTROL
- campo de control: MX-MxUPN
005 - FECHA Y HORA DE LA ÜLTIMA TRANSACCIÓN
- campo de control: 20241015160315.0
008 - DATOS DE LONGITUD FIJA
- campo de control de longitud fija: 241015nn acnnnbabn n ana d
040 ## - FUENTE DE CATALOGACIÓN
- Agencia original de catalogación: MX-MxUPN
- Lenguaje de catalogación: spa
100 1# - ENCABEZAMIENTO - NOMBRE PERSONAL
- Nombre personal: Bautista Ventura, Renato
400 1# - VEÁSE - NOMBRE DE PERSONA
- Personal name: Ventura, Renato Bautista
670 ## - FUENTE EN LA QUE SE LOCALIZARON DATOS
- Cita de la fuente: Ajngáa me´phaa : libro de literatura en lengua tlapaneca de Guerrero, 2000 :
- Información localizada: página legal (Renato Bautista Ventura)
902 ## - CATALOGADOR
- Catalogador: VíctorGodínez/151024
